000
00268 a2200121 4500
250
_a
2ème éd.
245
_a
Les Maladies endocriniennes
100
_a
Decourt, J.
260
_c
1974
300
_a
128 p.
999
_c
16715
_d
16715